000 00251nam a2200109Ia 4500
008 190911s9999||||xx |||||||||||||| ||und||
100 _aHobsons
245 0 _aMBA CASE Book 99 Management
260 _aIndia
_bPearson
_c1991
300 _a343
942 _cBK
999 _c6783
_d6783